<?xml version="1.0" encoding="UTF-8"?>
<collection xmlns="http://www.loc.gov/MARC21/slim">
 <record>
  <leader>04744cam a2200949  a4500</leader>
  <controlfield tag="001">1075658799</controlfield>
  <controlfield tag="003">DE-627</controlfield>
  <controlfield tag="005">20241125165115.0</controlfield>
  <controlfield tag="007">tu</controlfield>
  <controlfield tag="008">850101m19709999xx |||||      00| ||ger c</controlfield>
  <datafield tag="035" ind1=" " ind2=" ">
   <subfield code="a">(DE-627)1075658799</subfield>
  </datafield>
  <datafield tag="035" ind1=" " ind2=" ">
   <subfield code="a">(DE-576)005658799</subfield>
  </datafield>
  <datafield tag="035" ind1=" " ind2=" ">
   <subfield code="a">(DE-599)BSZ005658799</subfield>
  </datafield>
  <datafield tag="035" ind1=" " ind2=" ">
   <subfield code="a">(DE-604)8062466844</subfield>
  </datafield>
  <datafield tag="040" ind1=" " ind2=" ">
   <subfield code="a">DE-627</subfield>
   <subfield code="b">ger</subfield>
   <subfield code="c">DE-627</subfield>
   <subfield code="e">rakwb</subfield>
  </datafield>
  <datafield tag="041" ind1=" " ind2=" ">
   <subfield code="a">ger</subfield>
  </datafield>
  <datafield tag="084" ind1=" " ind2=" ">
   <subfield code="a">NQ 1070</subfield>
   <subfield code="2">rvk</subfield>
   <subfield code="0">(DE-625)rvk/128050:</subfield>
  </datafield>
  <datafield tag="084" ind1=" " ind2=" ">
   <subfield code="a">NP 4470</subfield>
   <subfield code="2">rvk</subfield>
   <subfield code="0">(DE-625)rvk/127837:</subfield>
  </datafield>
  <datafield tag="084" ind1=" " ind2=" ">
   <subfield code="a">NQ 1010</subfield>
   <subfield code="2">rvk</subfield>
   <subfield code="0">(DE-625)rvk/128038:</subfield>
  </datafield>
  <datafield tag="084" ind1=" " ind2=" ">
   <subfield code="a">15.23</subfield>
   <subfield code="2">bkl</subfield>
  </datafield>
  <datafield tag="245" ind1="1" ind2="0">
   <subfield code="a">Militär und Innenpolitik im Weltkrieg 1914 - 1918</subfield>
   <subfield code="b">[Dokumente]</subfield>
   <subfield code="c">Wilhelm Deist</subfield>
  </datafield>
  <datafield tag="264" ind1=" " ind2="1">
   <subfield code="a">Düsseldorf</subfield>
   <subfield code="b">Droste Verl.</subfield>
   <subfield code="c">1970-</subfield>
  </datafield>
  <datafield tag="336" ind1=" " ind2=" ">
   <subfield code="a">Text</subfield>
   <subfield code="b">txt</subfield>
   <subfield code="2">rdacontent</subfield>
  </datafield>
  <datafield tag="337" ind1=" " ind2=" ">
   <subfield code="a">ohne Hilfsmittel zu benutzen</subfield>
   <subfield code="b">n</subfield>
   <subfield code="2">rdamedia</subfield>
  </datafield>
  <datafield tag="338" ind1=" " ind2=" ">
   <subfield code="a">Band</subfield>
   <subfield code="b">nc</subfield>
   <subfield code="2">rdacarrier</subfield>
  </datafield>
  <datafield tag="490" ind1="0" ind2=" ">
   <subfield code="a">Quellen zur Geschichte des Parlamentarismus und der politischen Parteien</subfield>
   <subfield code="a">Reihe 2</subfield>
   <subfield code="v">1</subfield>
  </datafield>
  <datafield tag="500" ind1=" " ind2=" ">
   <subfield code="a">Fortführungen u.d.Titeln: Zwischen Revolution und Kapp-Putsch ; Die Anfänge der Ära Seeckt ; Das Krisenjahr 1923</subfield>
  </datafield>
  <datafield tag="515" ind1=" " ind2=" ">
   <subfield code="a">Erschienen: T. 1 (1970) bis T. 2 (1970)</subfield>
  </datafield>
  <datafield tag="655" ind1=" " ind2="7">
   <subfield code="a">Quelle</subfield>
   <subfield code="0">(DE-588)4135952-5</subfield>
   <subfield code="0">(DE-627)105661236</subfield>
   <subfield code="0">(DE-576)209665084</subfield>
   <subfield code="2">gnd-content</subfield>
  </datafield>
  <datafield tag="689" ind1="0" ind2="0">
   <subfield code="d">g</subfield>
   <subfield code="0">(DE-588)4011882-4</subfield>
   <subfield code="0">(DE-627)104704861</subfield>
   <subfield code="0">(DE-576)208896155</subfield>
   <subfield code="a">Deutschland</subfield>
   <subfield code="2">gnd</subfield>
  </datafield>
  <datafield tag="689" ind1="0" ind2="1">
   <subfield code="a">z</subfield>
   <subfield code="2">gnd</subfield>
   <subfield code="a">Geschichte 1914-1918</subfield>
  </datafield>
  <datafield tag="689" ind1="0" ind2=" ">
   <subfield code="5">(DE-627)</subfield>
  </datafield>
  <datafield tag="689" ind1="1" ind2="0">
   <subfield code="d">s</subfield>
   <subfield code="0">(DE-588)4079163-4</subfield>
   <subfield code="0">(DE-627)106075438</subfield>
   <subfield code="0">(DE-576)209211164</subfield>
   <subfield code="a">Erster Weltkrieg</subfield>
   <subfield code="2">gnd</subfield>
  </datafield>
  <datafield tag="689" ind1="1" ind2=" ">
   <subfield code="5">(DE-627)</subfield>
  </datafield>
  <datafield tag="689" ind1="2" ind2="0">
   <subfield code="d">s</subfield>
   <subfield code="0">(DE-588)4039305-7</subfield>
   <subfield code="0">(DE-627)104757574</subfield>
   <subfield code="0">(DE-576)209034408</subfield>
   <subfield code="a">Militär</subfield>
   <subfield code="2">gnd</subfield>
  </datafield>
  <datafield tag="689" ind1="2" ind2="1">
   <subfield code="d">s</subfield>
   <subfield code="0">(DE-588)4046514-7</subfield>
   <subfield code="0">(DE-627)104152206</subfield>
   <subfield code="0">(DE-576)209069945</subfield>
   <subfield code="a">Politik</subfield>
   <subfield code="2">gnd</subfield>
  </datafield>
  <datafield tag="689" ind1="2" ind2=" ">
   <subfield code="5">(DE-627)</subfield>
  </datafield>
  <datafield tag="689" ind1="3" ind2="0">
   <subfield code="d">g</subfield>
   <subfield code="0">(DE-588)4011882-4</subfield>
   <subfield code="0">(DE-627)104704861</subfield>
   <subfield code="0">(DE-576)208896155</subfield>
   <subfield code="a">Deutschland</subfield>
   <subfield code="2">gnd</subfield>
  </datafield>
  <datafield tag="689" ind1="3" ind2="1">
   <subfield code="d">s</subfield>
   <subfield code="0">(DE-588)4039305-7</subfield>
   <subfield code="0">(DE-627)104757574</subfield>
   <subfield code="0">(DE-576)209034408</subfield>
   <subfield code="a">Militär</subfield>
   <subfield code="2">gnd</subfield>
  </datafield>
  <datafield tag="689" ind1="3" ind2="2">
   <subfield code="d">s</subfield>
   <subfield code="0">(DE-588)4046514-7</subfield>
   <subfield code="0">(DE-627)104152206</subfield>
   <subfield code="0">(DE-576)209069945</subfield>
   <subfield code="a">Politik</subfield>
   <subfield code="2">gnd</subfield>
  </datafield>
  <datafield tag="689" ind1="3" ind2="3">
   <subfield code="a">z</subfield>
   <subfield code="2">gnd</subfield>
   <subfield code="a">Geschichte 1914-1918</subfield>
  </datafield>
  <datafield tag="689" ind1="3" ind2=" ">
   <subfield code="5">(DE-627)</subfield>
  </datafield>
  <datafield tag="689" ind1="4" ind2="0">
   <subfield code="d">g</subfield>
   <subfield code="0">(DE-588)4011882-4</subfield>
   <subfield code="0">(DE-627)104704861</subfield>
   <subfield code="0">(DE-576)208896155</subfield>
   <subfield code="a">Deutschland</subfield>
   <subfield code="2">gnd</subfield>
  </datafield>
  <datafield tag="689" ind1="4" ind2="1">
   <subfield code="d">s</subfield>
   <subfield code="0">(DE-588)4039305-7</subfield>
   <subfield code="0">(DE-627)104757574</subfield>
   <subfield code="0">(DE-576)209034408</subfield>
   <subfield code="a">Militär</subfield>
   <subfield code="2">gnd</subfield>
  </datafield>
  <datafield tag="689" ind1="4" ind2="2">
   <subfield code="d">s</subfield>
   <subfield code="0">(DE-588)4079163-4</subfield>
   <subfield code="0">(DE-627)106075438</subfield>
   <subfield code="0">(DE-576)209211164</subfield>
   <subfield code="a">Erster Weltkrieg</subfield>
   <subfield code="2">gnd</subfield>
  </datafield>
  <datafield tag="689" ind1="4" ind2=" ">
   <subfield code="5">(DE-627)</subfield>
  </datafield>
  <datafield tag="689" ind1="5" ind2="0">
   <subfield code="d">g</subfield>
   <subfield code="0">(DE-588)4011882-4</subfield>
   <subfield code="0">(DE-627)104704861</subfield>
   <subfield code="0">(DE-576)208896155</subfield>
   <subfield code="a">Deutschland</subfield>
   <subfield code="2">gnd</subfield>
  </datafield>
  <datafield tag="689" ind1="5" ind2="1">
   <subfield code="a">z</subfield>
   <subfield code="2">gnd</subfield>
   <subfield code="a">Geschichte 1914-1918</subfield>
  </datafield>
  <datafield tag="689" ind1="5" ind2=" ">
   <subfield code="5">(DE-627)</subfield>
  </datafield>
  <datafield tag="689" ind1="6" ind2="0">
   <subfield code="d">g</subfield>
   <subfield code="0">(DE-588)4011882-4</subfield>
   <subfield code="0">(DE-627)104704861</subfield>
   <subfield code="0">(DE-576)208896155</subfield>
   <subfield code="a">Deutschland</subfield>
   <subfield code="2">gnd</subfield>
  </datafield>
  <datafield tag="689" ind1="6" ind2="1">
   <subfield code="d">s</subfield>
   <subfield code="0">(DE-588)4039305-7</subfield>
   <subfield code="0">(DE-627)104757574</subfield>
   <subfield code="0">(DE-576)209034408</subfield>
   <subfield code="a">Militär</subfield>
   <subfield code="2">gnd</subfield>
  </datafield>
  <datafield tag="689" ind1="6" ind2="2">
   <subfield code="d">s</subfield>
   <subfield code="0">(DE-588)4027058-0</subfield>
   <subfield code="0">(DE-627)106286234</subfield>
   <subfield code="0">(DE-576)208968997</subfield>
   <subfield code="a">Innenpolitik</subfield>
   <subfield code="2">gnd</subfield>
  </datafield>
  <datafield tag="689" ind1="6" ind2="3">
   <subfield code="a">z</subfield>
   <subfield code="2">gnd</subfield>
   <subfield code="a">Geschichte 1914-1918</subfield>
  </datafield>
  <datafield tag="689" ind1="6" ind2=" ">
   <subfield code="5">(DE-627)</subfield>
  </datafield>
  <datafield tag="700" ind1="1" ind2=" ">
   <subfield code="a">Deist, Wilhelm</subfield>
   <subfield code="d">1931-2003</subfield>
   <subfield code="e">Bearb.</subfield>
   <subfield code="0">(DE-588)124231373</subfield>
   <subfield code="0">(DE-627)08572369X</subfield>
   <subfield code="0">(DE-576)215494032</subfield>
   <subfield code="4">adp</subfield>
  </datafield>
  <datafield tag="787" ind1="0" ind2="8">
   <subfield code="i">Rezensiert in</subfield>
   <subfield code="a">Burchardt, Lothar, 1939 - </subfield>
   <subfield code="t">[Rezension von: Wilhelm Deist, Militär und Innenpolitik im Weltkrieg 1914-1918]</subfield>
   <subfield code="d">München : Artemis Verlag, 1975</subfield>
   <subfield code="w">(DE-627)1666866202</subfield>
  </datafield>
  <datafield tag="889" ind1=" " ind2=" ">
   <subfield code="w">(DE-627)1739693523</subfield>
  </datafield>
  <datafield tag="936" ind1="r" ind2="v">
   <subfield code="a">NQ 1070</subfield>
   <subfield code="b">Quellen</subfield>
   <subfield code="k">Geschichte</subfield>
   <subfield code="k">Geschichte seit 1918</subfield>
   <subfield code="k">Deutsche Geschichte seit dem Ende des Ersten Weltkriegs</subfield>
   <subfield code="k">Weimarer Republik (1918 - 1933)</subfield>
   <subfield code="k">Allgemeines</subfield>
   <subfield code="k">Quellen</subfield>
   <subfield code="0">(DE-627)1271460610</subfield>
   <subfield code="0">(DE-625)rvk/128050:</subfield>
   <subfield code="0">(DE-576)201460610</subfield>
  </datafield>
  <datafield tag="936" ind1="r" ind2="v">
   <subfield code="a">NP 4470</subfield>
   <subfield code="b">Innere Entwicklung</subfield>
   <subfield code="k">Geschichte</subfield>
   <subfield code="k">Von der Restauration bis zum Ende des Ersten Weltkrieges (1815 - 1918)</subfield>
   <subfield code="k">Zeit des Ersten Weltkriegs (1914 - 1918)</subfield>
   <subfield code="k">Geschichte des Ersten Weltkriegs</subfield>
   <subfield code="k">Geschichte der Mittelmächte (1914 - 1918)</subfield>
   <subfield code="k">Deutsches Reich (ohne Revolution)</subfield>
   <subfield code="k">Innere Entwicklung</subfield>
   <subfield code="0">(DE-627)1271469545</subfield>
   <subfield code="0">(DE-625)rvk/127837:</subfield>
   <subfield code="0">(DE-576)201469545</subfield>
  </datafield>
  <datafield tag="936" ind1="r" ind2="v">
   <subfield code="a">NQ 1010</subfield>
   <subfield code="b">Quellen</subfield>
   <subfield code="k">Geschichte</subfield>
   <subfield code="k">Geschichte seit 1918</subfield>
   <subfield code="k">Allgemeines</subfield>
   <subfield code="k">Quellen</subfield>
   <subfield code="0">(DE-627)1271470365</subfield>
   <subfield code="0">(DE-625)rvk/128038:</subfield>
   <subfield code="0">(DE-576)201470365</subfield>
  </datafield>
  <datafield tag="936" ind1="b" ind2="k">
   <subfield code="a">15.23</subfield>
   <subfield code="j">Erster Weltkrieg</subfield>
   <subfield code="q">coli-conc RVK-&gt;BK</subfield>
   <subfield code="q">https://coli-conc.gbv.de/api/mappings/97225cdd-1e02-4fad-b80b-cf2c223084ce</subfield>
   <subfield code="0">(DE-627)181571536</subfield>
  </datafield>
  <datafield tag="951" ind1=" " ind2=" ">
   <subfield code="a">MC</subfield>
  </datafield>
  <datafield tag="990" ind1=" " ind2=" ">
   <subfield code="a">Deutschland</subfield>
  </datafield>
  <datafield tag="990" ind1=" " ind2=" ">
   <subfield code="a">Geschichte 1914-1918</subfield>
  </datafield>
  <datafield tag="990" ind1=" " ind2=" ">
   <subfield code="a">Erster Weltkrieg</subfield>
  </datafield>
  <datafield tag="990" ind1=" " ind2=" ">
   <subfield code="a">Militär</subfield>
  </datafield>
  <datafield tag="990" ind1=" " ind2=" ">
   <subfield code="a">Politik</subfield>
  </datafield>
  <datafield tag="990" ind1=" " ind2=" ">
   <subfield code="a">Deutschland</subfield>
  </datafield>
  <datafield tag="990" ind1=" " ind2=" ">
   <subfield code="a">Militär</subfield>
  </datafield>
  <datafield tag="990" ind1=" " ind2=" ">
   <subfield code="a">Politik</subfield>
  </datafield>
  <datafield tag="990" ind1=" " ind2=" ">
   <subfield code="a">Geschichte 1914-1918</subfield>
  </datafield>
  <datafield tag="990" ind1=" " ind2=" ">
   <subfield code="a">Deutschland</subfield>
  </datafield>
  <datafield tag="990" ind1=" " ind2=" ">
   <subfield code="a">Militär</subfield>
  </datafield>
  <datafield tag="990" ind1=" " ind2=" ">
   <subfield code="a">Erster Weltkrieg</subfield>
  </datafield>
  <datafield tag="990" ind1=" " ind2=" ">
   <subfield code="a">Deutschland</subfield>
  </datafield>
  <datafield tag="990" ind1=" " ind2=" ">
   <subfield code="a">Geschichte 1914-1918</subfield>
  </datafield>
  <datafield tag="990" ind1=" " ind2=" ">
   <subfield code="a">Deutschland</subfield>
  </datafield>
  <datafield tag="990" ind1=" " ind2=" ">
   <subfield code="a">Militär</subfield>
  </datafield>
  <datafield tag="990" ind1=" " ind2=" ">
   <subfield code="a">Innenpolitik</subfield>
  </datafield>
  <datafield tag="990" ind1=" " ind2=" ">
   <subfield code="a">Geschichte 1914-1918</subfield>
  </datafield>
  <datafield tag="991" ind1=" " ind2=" ">
   <subfield code="a">Rezensiertes Werk</subfield>
  </datafield>
  <datafield tag="999" ind1=" " ind2=" ">
   <subfield code="a">KXP-PPN1075658799</subfield>
   <subfield code="e">4659534022</subfield>
  </datafield>
 </record>
</collection>
